Report on forest research / (Record no. 15838)
[ view plain ]
| 000 -LEADER | |
|---|---|
| fixed length control field | 00401cas a22001577a 4500 |
| 022 ## - INTERNATIONAL STANDARD SERIAL NUMBER | |
| ISSN | 0436-4120 |
| 040 ## - CATALOGING SOURCE | |
| Transcribing agency | DI |
| 082 04 - DEWEY DECIMAL CLASSIFICATION NUMBER | |
| Classification number | 634 COM 1949 A090 Or. |
| 245 00 - TITLE STATEMENT | |
| Title | Report on forest research / |
| 260 ## - PUBLICATION, DISTRIBUTION, ETC. (IMPRINT) | |
| Place of publication | London : |
| Name of publisher | The Commission, |
| Year of publication | 1949-c1997. |
| 300 ## - PHYSICAL DESCRIPTION | |
| Number of Pages | 49 v. : |
| Other physical details | ill. ; |
| Dimensions | 25 cm. |
| 650 #0 - SUBJECT ADDED ENTRY--TOPICAL TERM | |
| Topical Term | Forests and forestry |
| 650 #0 - SUBJECT ADDED ENTRY--TOPICAL TERM | |
| Topical Term | Forests and forestry |
| 710 1# - ADDED ENTRY--CORPORATE NAME | |
| Corporate name or jurisdiction name as entry element | Great Britain. |
| 942 ## - ADDED ENTRY ELEMENTS (KOHA) | |
| Koha item type | សៀវភៅភាសាអង់គ្លេស |
| 952 ## - LOCATION AND ITEM INFORMATION (KOHA) | |
| Withdrawn status [LOCAL, KOHA] | 0 |
| Permanent Location | Date acquired | Koha item type | Lost status | Shelving location | Barcode | Current Location | Full call number |
|---|---|---|---|---|---|---|---|
| Library Block A | 2017-12-13 | សៀវភៅភាសាអង់គ្លេស | A090 | A09220 | Library Block A | 634 COM 1949 A090 Or. |